000 00708nam a2200205 i 4500
001 141136
003 ES-MaACL
007 t|
008 070919s1952 sp ||||1| spa d
100 1 _aRodríguez de Yurre, Gregorio,
_d1913-1989
_998480
245 1 0 _aSistemas sociales
_b: I. El liberalismo /
_cGregorio R. de Yurre.
250 _a2ª ed.
260 _aVitoria :
_bEdit. del Seminario,
_c1952.
300 _a550 p. ;
_c25 cm.
490 1 _aVictoriensia. Publicaciones del Seminario de Vitoria ;
_v2
650 1 7 _aLiberalismo
_2embne
_914386
830 0 _aVictoriensia. Publicaciones del Seminario de Vitoria
_v2
_9187197
852 _aES-MaACL
_jE-3350
_bR.34877
999 _c141136
_d141136